Turkey's Foreign Trade and Global Value Chain analysis
| Szerző: | |
|---|---|
| További közreműködők: | |
| Dokumentumtípus: | Diplomadolgozat |
| Kulcsszavak: | Global value chains TURKEY International trade |
| Online Access: | http://dolgozattar.uni-bge.hu/20542 |
MARC
| LEADER | 00000nta a2200000 i 4500 | ||
|---|---|---|---|
| 001 | dolg20542 | ||
| 005 | 20190504124238.0 | ||
| 008 | 190504suuuu hu om 000 eng d | ||
| 040 | |a BGE Dolgozattár Repozitórium |b hun | ||
| 041 | |a en | ||
| 100 | 1 | |a Aghazada Nurana | |
| 245 | 1 | 0 | |a Turkey's Foreign Trade and Global Value Chain analysis |c Aghazada Nurana |h [elektronikus dokumentum] |
| 695 | |a Global value chains | ||
| 695 | |a TURKEY | ||
| 695 | |a International trade | ||
| 700 | 1 | |a SASS, Tolgyessy Miss Magdolna |e ths | |
| 856 | 4 | 0 | |u http://dolgozattar.uni-bge.hu/20542/1/GVC-Turkey.pdf |z Dokumentum-elérés |